[Event "Gorges op 28th"]
[Site "Gorges"]
[Date "2018.07.07"]
[Round "3"]
[White "Boucher, Daniel"]
[Black "De Lavalette, Philippe"]
[Result "0-1"]
[WhiteElo "1437"]
[BlackElo "1400"]
[PlyCount "156"]
[EventDate "2018.07.07"]
[EventType "swiss"]
[EventRounds "5"]
[EventCountry "FRA"]
[SourceTitle "EXT 2020"]
[Source "ChessBase"]
[SourceDate "2019.10.17"]
[SourceVersion "1"]
[SourceVersionDate "2019.10.17"]
[SourceQuality "1"]

1. e4 e5 2. Nf3 Nc6 3. Bc4 h6 4. a3 Bc5 5. b4 Bd6 6. Bb2 a6 7. d4 exd4 8. Nxd4 Ne5 9. Bb3 Nf6 10. Nf3 Qe7 11. Nbd2 0-0 12. 0-0 b5 13. Nd4 Qd8 14. f4 Ng6 15. e5 Nxe5 16. fxe5 Bxe5 17. N2f3 Qe7 18. Re1 Bxd4+ 19. Bxd4 Qd8 20. Bxf6 Qxf6 21. Qd5 c6 22. Qe5 d5 23. Qxf6 gxf6 24. Re7 Be6 25. Nd4 Rfe8 26. Rxe8+ Rxe8 27. Re1 Bd7 28. Rxe8+ Bxe8 29. a4 Bd7 30. c3 Kf8 31. h3 Kg7 32. axb5 axb5 33. Bc2 Kf8 34. g4 Kg7 35. Kf2 Kf8 36. Bf5 Ke7 37. Kg3 Be8 38. h4 Kd6 39. Kf4 c5 40. Nxb5+ Bxb5 41. bxc5+ Kxc5 42. Ke3 Kc4 43. Kd2 Bc6 44. Bd3+ Kc5 45. Bf5 Kd6 46. Kd3 Ke5 47. Ke3 Bb5 48. Bc8 Bc4 49. Bd7 Kd6 50. Bf5 Ke5 51. Bh7 Ba2 52. Bg8 Ke6 53. Bh7 Ke5 54. Bf5 Bc4 55. Bd7 Ba2 56. Bf5 Bb3 57. Bd3 Bd1 58. Bf5 Ba4 59. Bd3 Bd7 60. Kf3 f5 61. gxf5 Bxf5 62. Bb5 h5 63. Bc6 Bg4+ 64. Ke3 f5 65. Bb5 f4+ 66. Kd2 Ke4 67. c4 dxc4 68. Bxc4 Kf3 69. Bd5+ Kg3 70. Ke1 f3 71. Kf1 Bh3+ 72. Ke1 Bg2 73. Bc4 Kxh4 74. Kf2 Kg4 75. Be6+ Kf4 76. Bd5 h4 77. Kg1 Kg3 78. Bxf3 Bxf3 0-1

[Event "Gorges op 28th"]
[Site "Gorges"]
[Date "2018.07.07"]
[Round "?"]
[White "Jousset, Jean Michel"]
[Black "De Lavalette, Philippe"]
[Result "1-0"]
[WhiteElo "1435"]
[BlackElo "1400"]
[PlyCount "70"]
[EventDate "2018.07.07"]
[EventType "swiss"]
[EventRounds "5"]
[EventCountry "FRA"]
[SourceTitle "EXT 2020"]
[Source "ChessBase"]
[SourceDate "2019.10.17"]
[SourceVersion "1"]
[SourceVersionDate "2019.10.17"]
[SourceQuality "1"]

1. d4 d5 2. Nf3 Nc6 3. Bf4 h6 4. e3 a6 5. Nbd2 Bg4 6. c3 Nf6 7. Qa4 b5 8. Qc2 Nh5 9. Bg3 e6 10. Be2 Nxg3 11. hxg3 Be7 12. 0-0-0 Rc8 13. Bd3 Bf6 14. a3 Ne7 15. Nb3 Qd6 16. Rde1 Bxf3 17. gxf3 Nc6 18. e4 Be7 19. Nc5 Na5 20. Rh5 Qb6 21. exd5 exd5 22. Rxd5 Qc6 23. Rde5 Qd6 24. Bf5 Rd8 25. Qe4 Nc6 26. Nb7 Qf6 27. Nxd8 Kxd8 28. Qd5+ Qd6 29. Qe4 Ke8 30. Rxe7+ Nxe7 31. Qa8+ Qd8 32. Qxa6 c6 33. Qxc6+ Kf8 34. Qxb5 g6 35. Qe5 Nxf5 1-0